Gyermek- és ifjúságvédelem a szegedi járásban
Elmentve itt :
| Dokumentumtípus: | Cikk |
|---|---|
| Megjelent: |
1972-06-28
|
| Sorozat: | Délmagyarország
|
| Kulcsszavak: | Nagy Lajosné, Bakos Balázs, Nacsa Józsefné, Solymosi Ilona, Gyermek- és ifjúságvédelem Szeged 1972, Szegedi járás, Szociálpolitika gyermekvédelem Szegedi járás, Szociálpolitika ifjúságvédelem Szegedi járás |
| Online Access: | http://dmarchiv.bibl.u-szeged.hu/36760 |
| LEADER | 00620nab a2200145 i 4500 | ||
|---|---|---|---|
| 001 | delm36760 | ||
| 005 | 20180927112806.0 | ||
| 008 | 180927s1972 hu o 0|| hun d | ||
| 040 | |a SZTE Délmagyarország Archívum |b hun | ||
| 041 | |a hun | ||
| 245 | 0 | 0 | |a Gyermek- és ifjúságvédelem a szegedi járásban |h [elektronikus dokumentum] |
| 260 | |c 1972-06-28 | ||
| 300 | |a 3 | ||
| 490 | 0 | |a Délmagyarország | |
| 695 | |a Nagy Lajosné, Bakos Balázs, Nacsa Józsefné, Solymosi Ilona, Gyermek- és ifjúságvédelem Szeged 1972, Szegedi járás, Szociálpolitika gyermekvédelem Szegedi járás, Szociálpolitika ifjúságvédelem Szegedi járás | ||